Statistics for Tallest Buildings in Jacksonville, FL

Click here to take the quiz!

General Stats

  • This quiz has been taken 3 times
  • The average score is 2 of 17

Answer Stats

HeightBuilding% Correct
617 ftBank of America Tower
67%
535 ftWells Fargo Center
67%
309 ftAetna Building
33%
357 ftSunTrust Tower
33%
299 ft1 Enterprise Center
0%
305 ft2 Prudential Plaza
0%
278 ftBB&T Building
0%
250 ftBerkman Plaza I
0%
287 ftBlue Cross Blue Shield Building
0%
253 ftCSX Transportation Building
0%
260 ftJEA Office Building
0%
268 ftJEA Tower
0%
277 ftJohn M. B. Simpson US Courthouse
0%
432 ftRiverplace Tower
0%
437 ftThe Peninsula
0%
328 ftThe Strand
0%
447 ftTIAA Bank Center
0%

Score Distribution

Percentile by Number Answered

Percent of People with Each Score

Your Score History

You have not taken this quiz